| 000 | 00472nmm a2200157Ia 4500 | ||
|---|---|---|---|
| 008 | 251105s9999||||xx |||||||||||||||||und|| | ||
| 020 | _a9788490645611 | ||
| 041 | _aspa | ||
| 100 | _aGiró Gütiérrez, Carmen | ||
| 245 | 0 | _aFamilias globales: un hogar, dos culturas | |
| 264 |
_a[Madrid, España] : _bUniversitat Oberta de Catalunya, _c2015 |
||
| 300 | _a154 páginas | ||
| 650 | _aSociology | ||
| 856 | _uhttps://public.digitaliapublishing.com/a/37972 | ||
| 942 | _cCF | ||
| 999 |
_c87727 _d87727 |
||